Reglamento de fútbol y guía universal para árbitros

Saved in:
Bibliographic Details
Format: Book
Language:Spanish
Published: Buenos Aires Stadium 1988
Series:Colección de reglamentos
Subjects:
Tags: Add Tag
No Tags, Be the first to tag this record!

MARC

LEADER 00000nam a2200000 a 4500
001 UCW3822
003 CL-VaPUC
008 890412e19880000AG |||||||||||||||||spa|d
082 0 4 |a 796.334  |b REG  |2 21 
245 1 0 |a Reglamento de fútbol y guía universal para árbitros 
300 |a 85 p 
942 |c BK 
945 |d 19890412 00:00:00 
260 |a Buenos Aires  |b Stadium  |c 1988 
650 0 |a Fútbol  |9 307513 
650 7 |a REGLAMENTOS  |2 CL-VaPUC  |9 259254 
583 |a last modification  |c 19890412 00:00:00  |k Rodrigo Vera 
490 0 |a Colección de reglamentos 
999 |c 217708  |d 217706 
952 |0 0  |1 0  |4 0  |6 796_334000000000000_REG_1988  |7 0  |8 P  |9 205809  |a BIBEDU  |b BIBEDU  |c BIBEDU_PB  |d 2019-11-15  |i 2737485  |o 796.334 REG 1988  |p 2737485  |r 2024-01-25  |w 2019-11-15  |y BK  |k EDU 
952 |0 0  |1 0  |4 0  |6 796_334000000000000_REG_1988  |7 0  |8 P  |9 205810  |a BIBEDU  |b BIBEDU  |c BIBEDU_PB  |d 2019-11-15  |i 2737493  |o 796.334 REG 1988  |p 2737493  |r 2024-01-25  |w 2019-11-15  |y BK  |k EDU 
952 |0 0  |1 0  |4 0  |6 796_334000000000000_REG_1988  |7 0  |8 P  |9 205811  |a BIBEDU  |b BIBEDU  |c BIBEDU_PB  |d 2019-11-15  |i 1533991  |o 796.334 REG 1988  |p 1533991  |r 2024-01-25  |w 2019-11-15  |y BK  |k EDU